Statistics for Missouri Trivia

Click here to take the quiz!

General Stats

  • This quiz has been taken 3,211 times
  • The average score is 14 of 19

Answer Stats

Hint Answer % Correct
Most populous metro areaSt. Louis
95%
Writer born in Missouri as Samuel ClemensMark Twain
86%
Most populous cityKansas City
84%
Of the eight states that Missouri borders, this one has the highest populationIllinois
83%
Capital cityJefferson City
78%
Missouri's third most populous city; it shares its name with cities in 27 other statesSpringfield
77%
Explorers who departed from St. Charles in 1804 on their way to the PacificLewis and Clark
75%
International events held in Missouri in 1904World's Fair
74%
Mail delivery service that used horse riders to deliver mail between Missouri and CaliforniaPony Express
74%
Monument that became the nation's smallest national park in 2018Gateway Arch
73%
Best-selling brand of beerBudweiser
73%
International events held in Missouri in 1904Olympic Games
72%
U.S. President born in 1884 with no middle name, only an initialHarry S. Truman
69%
State nicknameThe {Show}-{Me} State
68%
Mountain range of southern MissouriOzarks
65%
Singer who recorded "Johnny B. Goode" and "Roll Over Beethoven"Chuck Berry
58%
Four of these struck near the town of New Madrid in 1811 and 1812Earthquakes
57%
Kentucky frontiersman who settled in Missouri in 1799Daniel Boone
55%
City known for its musical theaters with performers such as Andy Williams
and Glen Campbell
Branson
47%

Score Distribution

Percentile by Number Answered

Percent of People with Each Score

Your Score History

You have not taken this quiz